000 00455 a2200157 4500
001 70329
020 _a8572084215
040 _cAnchieta - Itaigara
100 _aSilveira, Maria José
240 1 0 _aFloriana e Zé Aníbal no Rio do "Bota-Abaixo" na época da República
_lpor
245 1 0 _aFloriana e Zé Aníbal no Rio do "Bota-Abaixo" na época da República
300 _a54
362 0 _a2005
650 4 _aLiteratura infanto-juvenil
942 _cBK
999 _c70329
_d70329